Constructivismo estrategias para aprender a aprender./ (Registro nro. 8780)

Detalles MARC
000 -LEADER
fixed length control field 01003nam a2200205Ia 4500
005 - FECHA Y HORA DE LA ÚLTIMA TRANSACCIÓN
control field 20250324190253.0
008 - FIXED-LENGTH DATA ELEMENTS--GENERAL INFORMATION
fixed length control field 230725s9999 xx 000 0 und d
020 ## - INTERNATIONAL STANDARD BOOK NUMBER
International Standard Book Number 9702605814
040 ## - CATALOGING SOURCE
Original cataloging agency UPAN
Transcribing agency Biblioteca San Vicente
Description conventions RCAA2
041 ## - LANGUAGE CODE
Language code of text/sound track or separate title spa
082 ## - DEWEY DECIMAL CLASSIFICATION NUMBER
Classification number 371.3
Item number P565c
año de publicación 2005
100 ## - MAIN ENTRY--PERSONAL NAME
Personal name Pimienta Prieto, Julio Herminio
Relator code aut.
245 #0 - TITLE STATEMENT
Title Constructivismo estrategias para aprender a aprender./
Remainder of title Julio Herminio Pimienta Prieto
250 ## - EDITION STATEMENT
Edition statement 1ª ed.
260 ## - PUBLICATION, DISTRIBUTION, ETC. (IMPRINT)
Place of publication, distribution, etc Mexico:
Name of publisher, distributor, etc Pearson Prentice hall,
Date of publication, distribution, etc 2005
300 ## - PHYSICAL DESCRIPTION
Extent 134 p.;
Dimensions 27 cm.
505 ## - FORMATTED CONTENTS NOTE
Formatted contents note Parte 1. Estrategias de aprendizaje.<br/>- Ensayo.<br/>- Lluvia de ideas.<br/>- Preguntas guía.<br/>- Cuadro sinóptico.<br/>- Diagramas.<br/>- PNI (positivo, negativo, interesante)<br/>- Preguntas literales.<br/>- Preguntas exploratorias.<br/>- Mapa semántico.<br/>- Cuadro comparativo.<br/>- Matriz de clasificación.<br/>- Línea de tiempo.<br/>- Mnemotécnica.<br/>- Matriz de inducción. <br/>- Mapas cognitivos.
650 ## - SUBJECT ADDED ENTRY--TOPICAL TERM
Source of heading or term LEMB
Topical term or geographic name as entry element Constructivismo
General subdivision Enseñanza
942 ## - ADDED ENTRY ELEMENTS (KOHA)
Koha item type Libros
Source of classification or shelving scheme Dewey Decimal Classification
Existencias
Withdrawn status Lost status Source of classification or shelving scheme Damaged status Not for loan Collection code Home library Current library Date acquired Total Checkouts Full call number Barcode Date last seen Copy number Price effective from Koha item type
    Dewey Decimal Classification     Colección General Biblioteca UPAN San Vicente Biblioteca UPAN San Vicente 25/07/2023   371.3 P565c 12001342 25/07/2023 01 25/07/2023 Libros
    Dewey Decimal Classification     Colección General Biblioteca UPAN San Vicente Biblioteca UPAN San Vicente 25/07/2023   371.3 P565c 12001343 27/07/2023 02 25/07/2023 Libros